| 000 | 01639cam a2200265 4500 | ||
|---|---|---|---|
| 008 | 030922n2003 000 0 eng u | ||
| 020 | _a0421851503 | ||
| 035 | _a(Sirsi) u123680 | ||
| 041 | _aeng | ||
| 050 |
_a346.41043 _c18 |
||
| 245 | _aWolstenholme and Cherry's annotated Land Registration Act 2002 | ||
| 260 |
_aLondon _bThomson Sweet and Maxwell _c2003 |
||
| 300 |
_alxii, 874p. _c24cm |
||
| 350 | _a75 | ||
| 520 | _aExplains and clarifies the new legal principles and objectives introduced by the Land Registration Act 2002. Also explains the transitional provisions that will apply on the repeal of the Land Registration Acts 1925-1986. Includes the full text of the Act and the Land Registration Rules 2003, as well as the parts of the Land Registration Act 1925 retained under the transitional provisions plus the relevant sections of the Law of Property Act 1925, all annotated. The full text of the 1925 Act and other rules preserved under the transitional provisions are also reproduced to help apply the provisions and to compare the changes in principle and practice. Also includes case law, reproductions of the new Land Registry forms and other relevant material from other legislation. | ||
| 650 | _aLAND REGISTRATION ACT 2002 | ||
| 650 | _aLAND REGISTRATION RULES 2003 | ||
| 650 | _aLAND REGISTRATION | ||
| 650 | _aLAND REGISTRATION ACT 1925 | ||
| 650 | _aLAW OF PROPERTY ACT 1925 | ||
| 650 | _aMANAGEMENT-DISPUTE AVOIDANCE, MANAGEMENT AND RESOLUTION-DISPUTE MANAGEMENT AND RESOLUTION-ALTERNATIVE DISPUTE RESOLUTION-ADJUDICATION | ||
| 690 | _aPROPERTY | ||
| 700 |
_aClarke, Ian _xEditor |
||
| 942 | _n0 | ||
| 999 |
_c103090 _d103090 |
||